The greatest virtue : (Record no. 6010)

MARC details
000 -LEADER
fixed length control field 00754cam a2200253Ia 4500
001 - CONTROL NUMBER
control field 213355650
003 - CONTROL NUMBER IDENTIFIER
control field OCoLC
005 - DATE AND TIME OF LATEST TRANSACTION
control field 20190111160123.0
008 - FIXED-LENGTH DATA ELEMENTS--GENERAL INFORMATION
fixed length control field 080312s2007 vau b 000 0 eng d
035 ## - SYSTEM CONTROL NUMBER
System control number (OCoLC)213355650
040 ## - CATALOGING SOURCE
Original cataloging agency LPL
Transcribing agency LPL
Modifying agency IUI
-- BSC
082 ## - DEWEY DECIMAL CLASSIFICATION NUMBER
Classification number 248.4
Item number R649g
092 ## - LOCALLY ASSIGNED DEWEY CALL NUMBER (OCLC)
Classification number 248.4
Item number R651g, 2007
100 1# - MAIN ENTRY--PERSONAL NAME
Personal name Robertson, Pat.
245 14 - TITLE STATEMENT
Title The greatest virtue :
Remainder of title [the secret to living in happiness and success] /
Statement of responsibility, etc. Pat Robertson.
260 ## - PUBLICATION, DISTRIBUTION, ETC.
Place of publication, distribution, etc. Virginia Beach, VA :
Name of publisher, distributor, etc. CBN,
Date of publication, distribution, etc. c2007.
300 ## - PHYSICAL DESCRIPTION
Extent 111 p. ;
Dimensions 19 cm.
504 ## - BIBLIOGRAPHY, ETC. NOTE
Bibliography, etc. note Includes bibliographical references (p. 111)
650 #0 - SUBJECT ADDED ENTRY--TOPICAL TERM
Topical term or geographic name entry element Christian life.
650 #0 - SUBJECT ADDED ENTRY--TOPICAL TERM
Topical term or geographic name entry element Virtues.
650 #0 - SUBJECT ADDED ENTRY--TOPICAL TERM
Topical term or geographic name entry element Humility.
650 #0 - SUBJECT ADDED ENTRY--TOPICAL TERM
Topical term or geographic name entry element Success
General subdivision Religious aspects
-- Christianity.
942 ## - ADDED ENTRY ELEMENTS (KOHA)
Source of classification or shelving scheme Dewey Decimal Classification
Koha item type Books
Holdings
Withdrawn status Lost status Source of classification or shelving scheme Damaged status Not for loan Collection code Home library Current library Shelving location Date acquired Cost, normal purchase price Total Checkouts Full call number Barcode Date last seen Price effective from Koha item type
    Dewey Decimal Classification     Non-fiction Harvest Mission College Harvest Mission College General Stacks 11.01.2019 250.00   248.4 R649g 007012 11.01.2019 11.01.2019 Books

OPAC Designed and Maintained by HMC Library Team.
Copyright © HMC Library,Greater Noida, UP.
For any Suggestions/Query Contact library via Email:libhmc@gmail.com